000 00877nam a22001937a 4500
999 _c370814
_d370814
008 201130b ||||| |||| 00| 0 eng d
040 _bger
_cDE-2950
_erda
_aDE-2950
041 _ager
100 _aWeber-Rath, Ines:
245 _aSpontanbesuch der Ministerin im Klinikum.
_bCorona: Am Freitag fand im Krankenhaus Markendorf der erste Familien-Impftag für Kinder und Jugendliche ab 12 Jahren und ihre Eltern statt. Brandenburgs Gesundheitsministerin Ursula Nonnenmacher (Grüne) informierte sich vor Ort über die Aktion /
_cInes Weber-Rath
264 _c2021
653 _aFrankfurt (Oder)
653 _aCorona / Imfpung
773 _dFrankfurt (Oder): Märkisches Verlags- und Druckhaus GmbH & Co KG
_g32. Jahrgang (2021) Nr. 218 vom 18./19.09.2021, S. 19
_tMärkische Oderzeitung
942 _cA